Os 100 melhores filmes de todos os tempos - Statistics

Estatísticas Gerais
  • Esse quiz foi jogado 2 005 vezes
  • A pontuação média é 23 de 100
Estatísticas das Respostas
# Ano Diretor Filme % Correto
1 1972 Coppola O Poderoso Chefão
74%
45 1997 Cameron Titanic
74%
5 1994 Tarantino Pulp Fiction: Tempos de Violência
62%
32 1980 Kershner Star Wars - O Império Contra-Ataca
59%
11 1977 Lucas Star Wars - Uma Nova Esperança
59%
8 1982 Spielberg E.T. - O Extraterreste
57%
67 2009 Cameron Avatar
53%
41 1960 Hitchcock Psicose
51%
7 1974 Coppola O Poderoso Chefão Parte 2
50%
50 1993 Spielberg Jurassic Park
46%
39 1980 Kubrick O Iluminado
44%
24 1975 Spielberg Tubarão
43%
35 1971 Kubrick Laranja Mecânica
42%
10 1993 Spielberg A Lista de Schindler
41%
9 1968 Kubrick 2001: Uma Odisseia no Espaço
38%
3 1941 Welles Cidadão Kane
38%
15 1939 Fleming … E o Vento Levou
36%
55 1976 Scorsese Taxi Driver
36%
84 2010 Nolan A Origem
35%
14 1993 Zemeckis Forrest Gump: Um Contador de Histórias
34%
44 1999 Wachowski's Matrix
34%
57 2008 Nolan O Cavaleiro das Trevas
34%
98 1992 Tarantino Cães de Aluguel
33%
12 1985 Zemeckis De Volta Para o Futuro
32%
6 1942 Curtiz Casablanca
30%
70 1958 Hitchcock Um Corpo que Cai
30%
4 1994 Darabont Um Sonho de Liberdade
30%
46 1998 Spielberg O Resgate do Soldado Ryan
29%
19 1990 Scorsese Os Bons Companheiros
29%
42 1979 Scott Alien - O Oitavo Passageiro
28%
69 2000 Scott Gladiador
28%
85 1995 Fincher Seven
28%
49 1954 Hitchcock Janela Indiscreta
27%
2 1939 Fleming O Mágico de Oz
27%
90 2000 Nolan Amnésia
26%
96 2006 del Toro O Labirinto do Fauno
26%
40 1999 Fincher O Clube da Luta
24%
17 1979 Coppola Apocalypse Now
23%
22 1991 Demme O Silêncio dos Inocentes
23%
89 1995 Gibson Coração Valente
22%
43 1995 Lasseter Toy Story
22%
34 1999 Mendes Beleza Americana
21%
100 1954 Kurosawa Os Sete Samurais
20%
26 1952 Donen/Kelly Cantando na Chuva
19%
87 2003 Jackson O Senhor dos Anéis: O Retorno do Rei
19%
82 2001 Jackson O Senhor dos Anéis: A Sociedade do Anel
18%
91 1976 Avildsen Rocky: O Lutador
18%
29 1982 Scott Blade Runner: O Caçador de Androides
17%
65 1980 Scorsese Touro Indomável
17%
30 1975 Forman Um Estranho no Ninho
17%
37 1964 Kubrick Dr. Fantástico
16%
33 1996 Coen's Fargo
16%
18 1977 Allen Noivo Neurótico, Noiva Nervosa
16%
66 1994 Allers/Minkoff O Rei Leão
16%
13 1981 Spielberg Os Caçadores da Arca Perdida
16%
21 1974 Polanski Chinatown
15%
27 1985 Hughes Clube dos Cinco
15%
36 1986 Hughes Curtindo a Vida Adoidado
15%
25 1965 Wise A Noviça Rebelde
14%
53 1997 Van Sant Gênio Indomável
14%
23 1962 Lean Lawrence da Arábia
14%
78 1957 Lumet 12 Homens e uma Sentença
13%
20 1946 Capra A Felicidade não se Compra
13%
81 1984 Forman Amadeus
13%
56 2004 Gondry Brilho Eterno de Uma Mente Sem Lembranças
13%
88 2008 Boyle Quem Quer Ser um Milionário?
13%
79 2008 Stanton Wall-E
13%
83 1988 McTiernan Duro de Matar
12%
62 1959 Hitchcock Intriga Internacional
12%
60 2001 Jeunet O Fabuloso Destino de Amelie Poulain
12%
86 1991 Trousdale/Wise A Bela e a Fera
11%
92 2009 Docter/Peterson Up: Altas Aventuras
11%
61 1961 Robbins/Wise Amor, Sublime Amor
10%
93 1977 Spielberg Contatos Imediatos do Terceiro Grau
10%
58 1950 Wilder Crepúsculo dos Deuses
10%
77 1984 Reitman Os Caça-Fantasma
10%
48 1995 Singer Os Suspeitos
10%
52 1950 Mankiewicz A Malvada
9%
75 1957 Lean A Ponte do Rio Kwai
9%
95 1965 Lean Doutor Jivago
9%
64 1964 Stevenson Mary Poppins
9%
51 1998 Coen's O Grande Lebowski
9%
76 2005 Lee O Segredo de Brokeback Mountain
9%
16 1962 Mulligan O Sol é Para Todos
9%
47 1959 Wilder Quanto Mais Quente Melhor
9%
97 1980 Abrahams/Zucker's Apertem os Cintos… O Piloto Sumiu
8%
28 1967 Nichols A Primeira Noite de um Homem
8%
38 1989 Reiner Harry & Sally: Feitos um Para o Outro
8%
94 1978 Cimino O Franco Atirador
8%
71 2000 Crowe Quase Famosos
8%
59 1991 Scott Thelma & Louise
8%
31 1987 Reiner A Princesa Prometida
7%
74 1974 Brooks Banzé no Oeste
7%
99 1967 Penn Bonnie e Clyde: Uma Rajada de Balas
7%
72 1974 Brooks O Jovem Frankenstein
7%
80 1954 Kazan Sindicato dos Ladrões
7%
73 1976 Pakula Todos os Homens do Presidente
7%
54 1969 Hill Butch Cassidy
6%
63 1993 Ramis Feitiço do Tempo
6%
68 1975 Gilliam/Jones Monty Python e o Cálice Sagrado
5%
Nenhum quiz correspondente encontrado
Distribuição das Pontuações
Porcentagem de Pessoas com Cada Pontuação
Percentil de Números Respondidos
Sua Pontuação Histórica
Você não jogou esse quiz